Prezydenci Polski - Statystyki

Ogólne statystyki
  • Ten quiz został rozwiązany 885 razy
    162 od ostatniego zresetowania
  • Średni wynik to 8 z 10
Statystyki odpowiedzi
Prezydent Rozpoczęcie kadencji Zakończenie kadencji % Poprawnych
Andrzej Duda 6 sierpnia 2015 6 sierpnia 2025
99%
Lech Kaczyński 23 grudnia 2005 10 kwietnia 2010
97%
Karol Nawrocki 6 sierpnia 2025 obecnie
96%
Lech Wałęsa 22 grudnia 1990 22 grudnia 1995
95%
Aleksander Kwaśniewski 23 grudnia 1995 23 grudnia 2005
93%
Bronisław Komorowski 10 kwietnia 2010 8 lipca 2010
93%
Bronisław Komorowski 6 sierpnia 2010 6 sierpnia 2015
93%
Wojciech Jaruzelski 19 lipca 1989 22 grudnia 1990
87%
Grzegorz Schetyna 8 lipca 2010 6 sierpnia 2010
22%
Bogdan Borusewicz 8 lipca 2010 8 lipca 2010
15%
Nie znaleziono quizów pasujących do podanych kryteriów
Rozkład punktacji
Procent ludzi z każdym wynikiem
Percentyl według liczby udzielonych odpowiedzi
Twoja historia wyników
Nie rozwiązałeś tego quizu od ostatniego zresetowania